| 000 | 00454nam a2200145 a 4500 | ||
|---|---|---|---|
| 005 | 20140412111230.0 | ||
| 008 | 060117s19uu xx 00 eng d | ||
| 050 |
_aTR(GS 372.3 _bE1 1982 |
||
| 100 | _aEvans, Joy | ||
| 245 |
_aArt moves the basic along : _bTeacher's Resource book : Units about the children / _cJoy Evans. |
||
| 260 |
_bEvan - Moor Corporation, _c1982. |
||
| 300 | _a80 p. ; ill. | ||
| 650 |
_aArts _xJuvenile literature |
||
| 999 |
_c102151 _d102151 |
||